| 000 | 01551nam a22003977a 4500 | ||
|---|---|---|---|
| 001 | 376 | ||
| 003 | FISKH | ||
| 005 | 20230403084235.0 | ||
| 008 | 230330b cb ||||| |||| 00| 0 eng d | ||
| 020 | _a9780439745147 | ||
| 040 |
_aDLC _cDLC _dDLC _dFISKH _beng |
||
| 042 | _alcac | ||
| 050 | 0 | 0 |
_aPZ7.R8139 _bWf 2004 |
| 082 | 0 | 0 |
_a813 _222 |
| 100 | 1 |
_aRoy, Ron, _d1940- |
|
| 245 | 1 | 4 |
_aThe white wolf / _cby Ron Roy ; illustrated by John Steven Gurney. |
| 260 |
_aNew York : _bRandom House, _c2005. |
||
| 300 |
_a84 pages. : _bill. ; _c20 cm. |
||
| 490 | 1 | _aA to Z mysteries | |
| 500 | _a"A Stepping Stone Book." | ||
| 505 | _aM | ||
| 520 | _aWhile visiting their friend Wallis and her adopted daughter on Mount Desert Island, Maine, Josh, Dink, and Ruth Rose investigate why three white wolf cubs were stolen, and by whom. | ||
| 521 | 0 |
_a630
_bLexile |
|
| 521 | 2 |
_aM
_bRaz-Plus |
|
| 650 | 1 |
_aRobbers and outlaws _vFiction. |
|
| 650 | 1 |
_aWolves _vFiction. |
|
| 650 | 1 | _aMystery and detective stories. | |
| 651 | 1 |
_aMount Desert Island (Me.) _vFiction. |
|
| 700 | 1 |
_aGurney, John Steven, _d1962- _eill. |
|
| 800 | 1 |
_aRoy, Ron, _d1940- _tA to Z mysteries. |
|
| 856 | 4 | 2 |
_3Contributor biographical information _uhttp://www.loc.gov/catdir/bios/random055/2003015524.html |
| 856 | 4 | 2 |
_3Publisher description _uhttp://www.loc.gov/catdir/description/random051/2003015524.html |
| 906 |
_a7 _bcbc _corignew _d1 _eecip _f20 _gy-gencatlg |
||
| 942 |
_2ddc _cBK _n0 |
||
| 999 |
_c376 _d376 |
||